00381nam a2200157Ia 4500003000400000008004100004040001600045082001600061100001600077245004700093260003600140300001000176650001300186650001100199650001300210GCL140319s9999 xx 000 0 eng d aGCL / cGCL04a649.57bL C1 aLEE, MARTIN10aCOACHING CHILDREN IN SPORT / cLEE, MARTIN a[S.N] : bE & FN SPON ، c1993 a311 P04aCOACHING04aSPORTS04aCHILDREN